[Event "EU-ch Seniors 50 22nd"]
[Site "Acqui Terme"]
[Date "2023.05.28"]
[Round "3"]
[White "Dube, Dimitri"]
[Black "Mordiglia, Riccardo"]
[Result "0-1"]
[WhiteElo "1982"]
[BlackElo "2073"]
[PlyCount "74"]
[EventDate "2023.05.26"]
[EventType "swiss"]
[EventRounds "9"]
[EventCountry "ITA"]
[SourceTitle "CBM 214 Extra"]
[Source "ChessBase"]
[SourceDate "2023.07.31"]
[SourceVersion "1"]
[SourceVersionDate "2023.07.31"]
[SourceQuality "1"]

1. c3 d6 2. e4 e5 3. d4 c6 4. Nf3 Nd7 5. Bd3 Ngf6 6. Nbd2 Be7 7. 0-0 0-0 8. Re1 Re8 9. Nf1 Bf8 10. Ng3 g6 11. a4 a5 12. h3 Bg7 13. Be3 Qc7 14. Qd2 Nf8 15. Bh6 Ne6 16. Rad1 Bd7 17. Bxg7 Kxg7 18. h4 Nf4 19. Bf1 Bg4 20. Re3 Red8 21. Rde1 h6 22. Nh2 Bd7 23. Ne2 Ne6 24. g4 b5 25. axb5 cxb5 26. Ng3 a4 27. Rf3 a3 28. bxa3 Rxa3 29. Bh3 Nf4 30. Rxf4 exf4 31. g5 hxg5 32. hxg5 Nh7 33. Nf5+ gxf5 34. exf5 Nxg5 35. f6+ Kg6 36. Qd3+ Kxf6 37. Ng4+ Kg7 0-1

[Event "Avoine op 26th"]
[Site "Avoine"]
[Date "2011.07.28"]
[Round "6"]
[White "Dube, Dimitri"]
[Black "Delinotte, Mathieu"]
[Result "1-0"]
[WhiteElo "2097"]
[BlackElo "1878"]
[PlyCount "161"]
[EventDate "2011.07.23"]
[EventType "swiss"]
[EventRounds "9"]
[EventCountry "FRA"]
[SourceTitle "EXT 2012"]
[Source "ChessBase"]
[SourceDate "2011.11.24"]
[SourceVersion "1"]
[SourceVersionDate "2011.11.24"]
[SourceQuality "1"]

1. c3 b6 2. e4 Bb7 3. Qe2 d5 4. e5 e6 5. d3 c5 6. f4 f5 7. exf6 Qxf6 8. Nf3 Nc6 9. g3 Bd6 10. Bg2 Nge7 11. 0-0 h6 12. Na3 Rd8 13. Nc2 0-0 14. Ne3 Ba6 15. c4 Nd4 16. Nxd4 cxd4 17. Ng4 Qg6 18. Nf2 dxc4 19. Re1 cxd3 20. Qxe6+ Qxe6 21. Rxe6 Rfe8 22. Bd2 Bc4 23. Ree1 Nf5 24. b3 Ba6 25. Bf1 Ne3 26. Bxd3 Bxd3 27. Nxd3 Ba3 28. Bc1 Nc2 29. Rxe8+ Rxe8 30. Rb1 Re2 31. Bxa3 Nxa3 32. Rb2 Rxb2 33. Nxb2 Kf7 34. Kf2 Ke6 35. Kf3 Kd5 36. Nd3 Nc2 37. f5 a5 38. g4 b5 39. h4 Ne3 40. Nf4+ Ke5 41. Nd3+ Kf6 42. Nf4 b4 43. Ne6 Nd1 44. Nxd4 Nc3 45. Nc6 Nxa2 46. Kf4 a4 47. g5+ Kf7 48. bxa4 b3 49. Ne5+ Ke7 50. Nc4 Nb4 51. f6+ gxf6 52. gxh6 Kf7 53. Kf5 Nc6 54. h7 Ne7+ 55. Ke4 Kg7 56. Kd3 Nd5 57. a5 Kxh7 58. Nb6 Nc7 59. Kc3 Kh6 60. Kxb3 Kh5 61. Kc4 f5 62. Nd5 Na6 63. Kb5 Nb8 64. Kb6 Kxh4 65. Nf4 Kg3 66. Kb7 Kxf4 67. Kxb8 Kg3 68. a6 f4 69. a7 f3 70. a8Q Kg2 71. Qd5 Kg3 72. Qg5+ Kf2 73. Kc7 Kf1 74. Qb5+ Ke1 75. Qb1+ Ke2 76. Qe4+ Kf2 77. Kd6 Kg3 78. Qe3 Kg2 79. Qg5+ Kh1 80. Qh4+ Kg2 81. Qg4+ 1-0

[Event "FRA-chT2 West 0809"]
[Site "France"]
[Date "2009.02.08"]
[Round "7.5"]
[White "Ballester, Alexandre"]
[Black "Dube, Dimitri"]
[Result "1/2-1/2"]
[WhiteElo "2127"]
[BlackElo "2083"]
[PlyCount "135"]
[EventDate "2008.10.19"]
[EventType "team-tourn"]
[EventRounds "11"]
[EventCountry "FRA"]
[SourceTitle "EXT 2010"]
[Source "ChessBase"]
[SourceDate "2010.11.25"]
[SourceVersion "1"]
[SourceVersionDate "2010.11.25"]
[SourceQuality "1"]
[WhiteTeam "Le Chesnay"]
[BlackTeam "Tours"]
[WhiteTeamCountry "FRA"]
[BlackTeamCountry "FRA"]

1. e4 Nf6 2. e5 Nd5 3. d4 c5 4. c4 Nb4 5. d5 d6 6. Nf3 Bf5 7. Na3 h6 8. Nh4 Bh7 9. e6 fxe6 10. Qh5+ Kd7 11. Qg4 Kc7 12. Bd2 N8a6 13. Ng6 Bxg6 14. Qxg6 exd5 15. cxd5 e6 16. dxe6 Qf6 17. Qxf6 gxf6 18. Bb5 Rh7 19. 0-0 Re7 20. Rfe1 Nc6 21. Bc3 Bg7 22. Rad1 Rd8 23. Bc4 d5 24. Rxd5 Rxd5 25. Bxd5 Nab4 26. Bxc6 Kxc6 27. Bxb4 cxb4 28. Nc2 f5 29. Nxb4+ Kd6 30. Rd1+ Kxe6 31. Nd5 Rd7 32. Nf4+ Ke7 33. Nd5+ Ke6 34. Nf4+ Ke7 35. Rxd7+ Kxd7 36. b3 Kd6 37. Kf1 Ke5 38. g3 Ke4 39. Ke2 Be5 40. Nd3 Bd6 41. f3+ Kd4 42. Kd2 b5 43. f4 a6 44. Ne1 Bb4+ 45. Ke2 Kc3 46. Nd3 Bf8 47. Ke3 a5 48. Ke2 a4 49. bxa4 bxa4 50. Ne5 Bg7 51. Kd1 Kb2 52. Kd2 Kxa2 53. Kc2 Ka3 54. Kc3 Bf6 55. Kc2 Kb4 56. Kb2 h5 57. Ka2 Kb5 58. Nf3 Kb4 59. Ng5 Be7 60. Ne6 Bf6 61. Ng5 a3 62. Nf7 Bb2 63. Nd6 Kc5 64. Nxf5 Kd5 65. Nh4 Ke4 66. h3 Bf6 67. Ng6 Kf5 68. g4+ 1/2-1/2

[Event "FRA-ch op-A"]
[Site "Pau"]
[Date "2008.08.17"]
[Round "6"]
[White "Dube, Dimitri"]
[Black "Cartigny, Patrick"]
[Result "1-0"]
[WhiteElo "2124"]
[BlackElo "2020"]
[PlyCount "33"]
[EventDate "2008.08.11"]
[EventType "swiss"]
[EventRounds "9"]
[EventCountry "FRA"]
[SourceTitle "CBM 126 Extra"]
[Source "ChessBase"]
[SourceDate "2008.11.05"]
[SourceVersion "1"]
[SourceVersionDate "2008.11.05"]
[SourceQuality "1"]

1. c3 e5 2. d4 exd4 3. Qxd4 Nf6 4. Nf3 d5 5. Bf4 c5 6. Qa4+ Bd7 7. Qc2 Nc6 8. Nbd2 Be7 9. e3 0-0 10. Bd3 Rc8 11. 0-0 g6 12. Rfe1 c4 13. Bf1 Bf5 14. Qa4 a6 15. Rad1 Qd7 16. e4 dxe4 17. Nxe4 1-0

[Event "FRA-ch op-A"]
[Site "Pau"]
[Date "2008.08.15"]
[Round "4"]
[White "Dube, Dimitri"]
[Black "Le Montagner, Yoann"]
[Result "0-1"]
[WhiteElo "2124"]
[BlackElo "2014"]
[PlyCount "72"]
[EventDate "2008.08.11"]
[EventType "swiss"]
[EventRounds "9"]
[EventCountry "FRA"]
[SourceTitle "CBM 126 Extra"]
[Source "ChessBase"]
[SourceDate "2008.11.05"]
[SourceVersion "1"]
[SourceVersionDate "2008.11.05"]
[SourceQuality "1"]

1. c3 Nf6 2. d3 d5 3. Nf3 c6 4. Nbd2 Bf5 5. Nh4 Bg6 6. g3 e5 7. Bg2 Nbd7 8. 0-0 Bd6 9. e4 Qc7 10. Re1 dxe4 11. dxe4 Bc5 12. b4 Bb6 13. Nc4 0-0 14. Qc2 c5 15. b5 a6 16. Rb1 Ba7 17. bxa6 bxa6 18. f4 Ne8 19. Nf5 f6 20. Ne7+ Kh8 21. Nd5 Qc6 22. Bh3 Qxd5 23. exd5 Bxc2 24. Rb7 Bd3 25. Nb2 c4+ 26. Be3 Bxe3+ 27. Rxe3 Nc5 28. Rb4 Nc7 29. Bg2 e4 30. Nxd3 cxd3 31. Bxe4 d2 32. Rd4 Rfe8 33. d6 Nb5 34. Rxd2 Rad8 35. d7 Rxe4 36. Rxe4 Nxd7 0-1

[Event "FRA-ch op-A"]
[Site "Pau"]
[Date "2008.08.14"]
[Round "3"]
[White "Castro, John"]
[Black "Dube, Dimitri"]
[Result "1-0"]
[WhiteElo "2014"]
[BlackElo "2124"]
[PlyCount "139"]
[EventDate "2008.08.11"]
[EventType "swiss"]
[EventRounds "9"]
[EventCountry "FRA"]
[SourceTitle "CBM 126 Extra"]
[Source "ChessBase"]
[SourceDate "2008.11.05"]
[SourceVersion "1"]
[SourceVersionDate "2008.11.05"]
[SourceQuality "1"]

1. e4 Nf6 2. e5 Nd5 3. c4 Nb6 4. d4 d6 5. exd6 exd6 6. Nc3 Be7 7. Bd3 0-0 8. Nge2 Bg4 9. 0-0 Na6 10. a3 c6 11. Qc2 Kh8 12. Nf4 Bf6 13. Be3 g6 14. h3 Bd7 15. Ne4 Be7 16. d5 f5 17. Bd4+ Kg8 18. Nd2 Nc5 19. dxc6 bxc6 20. Rfe1 Bf6 21. Bxf6 Qxf6 22. b4 Nxd3 23. Qxd3 g5 24. Nh5 Qg6 25. Ng3 Rae8 26. a4 Bc8 27. a5 Nd7 28. Rxe8 Rxe8 29. Qxf5 Nf6 30. Qxg6+ hxg6 31. b5 Bd7 32. Rb1 cxb5 33. cxb5 Rb8 34. b6 axb6 35. Rxb6 Rxb6 36. axb6 Bc6 37. Nc4 Nd7 38. Nxd6 Nxb6 39. Nge4 Nd5 40. Nxg5 Nf4 41. Nde4 Kg7 42. Kh2 Ba4 43. g3 Ne2 44. f4 Nd4 45. Nc5 Bc2 46. Nce6+ Nxe6 47. Nxe6+ Kf6 48. Nd4 Bd1 49. g4 Ba4 50. Kg3 Bd7 51. h4 Be8 52. Kh3 Bd7 53. Kg3 Bc8 54. Nb3 Bd7 55. Nc5 Bc6 56. Nd3 Be4 57. Ne5 Bd5 58. Nf3 Bc6 59. g5+ Kg7 60. f5 gxf5 61. Kf4 Bd7 62. h5 Be8 63. h6+ Kh7 64. Kxf5 Bg6+ 65. Kf6 Bb1 66. Ne5 Bc2 67. Nd7 Bb1 68. Nf8+ Kh8 69. g6 Ba2 70. g7+ 1-0

[Event "FRA-ch op-A"]
[Site "Pau"]
[Date "2008.08.12"]
[Round "1"]
[White "Petitjean, Pierre"]
[Black "Dube, Dimitri"]
[Result "1-0"]
[WhiteElo "2025"]
[BlackElo "2124"]
[PlyCount "95"]
[EventDate "2008.08.11"]
[EventType "swiss"]
[EventRounds "9"]
[EventCountry "FRA"]
[SourceTitle "CBM 126 Extra"]
[Source "ChessBase"]
[SourceDate "2008.11.05"]
[SourceVersion "1"]
[SourceVersionDate "2008.11.05"]
[SourceQuality "1"]

1. g3 e5 2. Bg2 f5 3. d3 Nf6 4. Nf3 d6 5. 0-0 Be7 6. c4 0-0 7. c5 Kh8 8. Nc3 Nc6 9. cxd6 cxd6 10. Qb3 Qe8 11. Bg5 Qh5 12. Rfc1 Rb8 13. Bxf6 Bxf6 14. Nd5 Be6 15. Nxf6 Rxf6 16. Qb5 Bd7 17. Nh4 Qe8 18. Kf1 Nd4 19. Qa5 Bc6 20. Qxa7 g5 21. Nf3 Ra8 22. Qb6 Ra6 23. Qb4 Ra4 24. Qd2 Nxf3 25. Bxf3 e4 26. Bg2 h6 27. Rc4 Rxc4 28. dxc4 Qe5 29. Rd1 f4 30. Qd4 f3 31. Bh3 Qxd4 32. Rxd4 Kg7 33. e3 h5 34. Ke1 h4 35. Bf1 hxg3 36. hxg3 Kf7 37. Kd2 Ke7 38. Kc3 Rh6 39. b4 Rh1 40. b5 Bd7 41. Rxe4+ Be6 42. Bd3 Rh2 43. c5 d5 44. Ra4 Kd7 45. b6 Rxf2 46. Bb5+ Ke7 47. c6 bxc6 48. b7 1-0

[Event "Avoine op 23rd"]
[Site "Avoine"]
[Date "2008.07.21"]
[Round "3"]
[White "Lafrechoux, Laurent"]
[Black "Dube, Dimitri"]
[Result "0-1"]
[WhiteElo "1929"]
[BlackElo "2105"]
[PlyCount "50"]
[EventDate "2008.07.19"]
[EventType "swiss"]
[EventRounds "9"]
[EventCountry "FRA"]
[SourceTitle "CBM 125 Extra"]
[Source "ChessBase"]
[SourceDate "2008.09.01"]
[SourceVersion "1"]
[SourceVersionDate "2008.09.01"]
[SourceQuality "1"]

1. e4 Nf6 2. e5 Nd5 3. d4 c5 4. c4 Nb4 5. a3 N4c6 6. b4 Nxd4 7. Nf3 Nbc6 8. Bb2 Nxf3+ 9. Qxf3 e6 10. Nd2 cxb4 11. Ne4 bxa3 12. Rxa3 Bb4+ 13. Kd1 Qb6 14. Rd3 Be7 15. Kc1 Nb4 16. Rb3 a5 17. Nd6+ Bxd6 18. exd6 Qxd6 19. Bxg7 Rg8 20. Bf6 Ra6 21. Qe4 Rg6 22. Rf3 Rxf6 23. Rxf6 Na2+ 24. Kc2 Qa3 25. Qe5 Rd6 0-1

[Event "Avoine op 23rd"]
[Site "Avoine"]
[Date "2008.07.20"]
[Round "2"]
[White "Dube, Dimitri"]
[Black "Tranchant, Alain"]
[Result "1-0"]
[WhiteElo "2105"]
[BlackElo "1919"]
[PlyCount "57"]
[EventDate "2008.07.19"]
[EventType "swiss"]
[EventRounds "9"]
[EventCountry "FRA"]
[SourceTitle "CBM 125 Extra"]
[Source "ChessBase"]
[SourceDate "2008.09.01"]
[SourceVersion "1"]
[SourceVersionDate "2008.09.01"]
[SourceQuality "1"]

1. c3 d5 2. Nf3 Nf6 3. d3 e6 4. Bg5 Be7 5. e3 0-0 6. Nbd2 c5 7. d4 b6 8. Bd3 Bb7 9. Qc2 Nbd7 10. 0-0 h6 11. Bxf6 Nxf6 12. Ne5 Rc8 13. f4 Nd7 14. Ndf3 Bf6 15. g4 Nxe5 16. fxe5 Be7 17. Qg2 g6 18. Qg3 Kg7 19. h4 Rh8 20. h5 g5 21. Qf2 Qe8 22. Qe2 Qc6 23. Rf2 Rcf8 24. Qc2 c4 25. Be2 b5 26. Raf1 Qc7 27. Nh4 Rh7 28. Ng6 fxg6 29. Qxg6+ 1-0

[Event "FRA-chT1A 0708"]
[Site "France"]
[Date "2007.12.15"]
[Round "4.5"]
[White "Alet, Jean Pierre"]
[Black "Dube, Dimitri"]
[Result "0-1"]
[WhiteElo "2192"]
[BlackElo "2083"]
[PlyCount "68"]
[EventDate "2007.10.21"]
[EventType "team"]
[EventRounds "11"]
[EventCountry "FRA"]
[SourceTitle "EXT 2009"]
[Source "ChessBase"]
[SourceDate "2008.11.26"]
[SourceVersion "1"]
[SourceVersionDate "2008.11.26"]
[SourceQuality "1"]
[WhiteTeam "Niort"]
[BlackTeam "Tours"]
[WhiteTeamCountry "FRA"]
[BlackTeamCountry "FRA"]

1. d4 Nf6 2. c4 c5 3. d5 b5 4. cxb5 a6 5. b6 d6 6. Nc3 g6 7. Nf3 Bg7 8. Nd2 Nbd7 9. a4 Nxb6 10. e4 Rb8 11. Bd3 0-0 12. Qe2 a5 13. Nc4 Ba6 14. Na3 Bb7 15. 0-0 e6 16. dxe6 fxe6 17. Nab5 Kh8 18. Bg5 Qd7 19. Rad1 Nh5 20. Qd2 Rbe8 21. Rfe1 Be5 22. g3 d5 23. f4 Bb8 24. e5 Qg7 25. g4 h6 26. gxh5 hxg5 27. Qg2 gxh5 28. fxg5 Bxe5 29. h4 Rf4 30. Be2 Rxh4 31. Bf3 Rh2 32. Qxh2 Bxh2+ 33. Kxh2 Qxg5 34. Ne2 Rg8 0-1

[Event "Avoine op 22nd"]
[Site "Avoine"]
[Date "2007.07.26"]
[Round "6"]
[White "Dube, Dimitri"]
[Black "Schmouchkovitch, Michel"]
[Result "1-0"]
[WhiteElo "2102"]
[BlackElo "2010"]
[PlyCount "89"]
[EventDate "2007.07.21"]
[EventType "swiss"]
[EventRounds "9"]
[EventCountry "FRA"]
[SourceTitle "EXT 2010"]
[Source "ChessBase"]
[SourceDate "2010.11.25"]
[SourceVersion "1"]
[SourceVersionDate "2010.11.25"]
[SourceQuality "1"]

1. c3 d5 2. Nf3 e6 3. d4 Nf6 4. Bf4 Be7 5. h3 0-0 6. Nbd2 b6 7. e3 c5 8. Ne5 Bb7 9. Bd3 Nbd7 10. Qc2 Re8 11. 0-0 c4 12. Be2 b5 13. b3 Nxe5 14. dxe5 Nd7 15. b4 Qc7 16. Nf3 Bc6 17. Nd4 Nf8 18. Bg3 Qd7 19. f4 f5 20. exf6 Bxf6 21. Nf3 Ng6 22. Ne5 Bxe5 23. fxe5 Rf8 24. Bh5 Nh8 25. Bf4 Qe7 26. Qf2 Rf5 27. Bg4 Rff8 28. Qg3 Nf7 29. Bh5 Be8 30. h4 Nd8 31. Bg5 Rxf1+ 32. Rxf1 Qd7 33. Bxe8 Qxe8 34. Rf4 a6 35. Bf6 Ra7 36. Rg4 Qf8 37. h5 Nc6 38. h6 Rf7 39. Bxg7 Rf1+ 40. Kh2 Qf7 41. Bf6+ Kf8 42. Rg7 Qh5+ 43. Bh4 Qxh6 44. Rc7 Nd8 45. Rc8 1-0

[Event "Avoine op 22nd"]
[Site "Avoine"]
[Date "2007.07.22"]
[Round "2"]
[White "Dube, Dimitri"]
[Black "Boguslavskij, Taras"]
[Result "1-0"]
[WhiteElo "2102"]
[BlackElo "1967"]
[PlyCount "93"]
[EventDate "2007.07.21"]
[EventType "swiss"]
[EventRounds "9"]
[EventCountry "FRA"]
[SourceTitle "EXT 2010"]
[Source "ChessBase"]
[SourceDate "2010.11.25"]
[SourceVersion "1"]
[SourceVersionDate "2010.11.25"]
[SourceQuality "1"]

1. c3 d5 2. Nf3 Nf6 3. d3 Nbd7 4. Nbd2 e6 5. e4 Bd6 6. g3 0-0 7. Bg2 b6 8. 0-0 Bb7 9. Re1 e5 10. exd5 Nxd5 11. Nc4 Re8 12. Nh4 Rb8 13. Nf5 N7f6 14. d4 e4 15. Bg5 h6 16. Ncxd6 cxd6 17. Bh4 Nc7 18. c4 d5 19. c5 bxc5 20. dxc5 Na6 21. Rc1 Nb4 22. Bf1 Re6 23. a3 Nc6 24. g4 Ne5 25. Be2 Qf8 26. Nd4 Ree8 27. b4 Nd3 28. Bxd3 exd3 29. Qxd3 Re4 30. f3 Rxe1+ 31. Rxe1 Re8 32. Rxe8 Nxe8 33. Nf5 Nc7 34. Nd6 Ba6 35. Qf5 d4 36. Qd7 d3 37. Be1 Ne6 38. Bd2 Nd4 39. Kf2 f5 40. Nxf5 Nxf5 41. Qe6+ Kh8 42. Qxa6 Nd4 43. Qxd3 Qd8 44. Kg2 h5 45. Bc3 hxg4 46. Qxd4 gxf3+ 47. Kf1 1-0

[Event "FRA-chT2 West 0607"]
[Site "France"]
[Date "2006.12.10"]
[Round "4.7"]
[White "Favarel, Antoine"]
[Black "Dube, Dimitri"]
[Result "1/2-1/2"]
[WhiteElo "2045"]
[BlackElo "2087"]
[PlyCount "147"]
[EventDate "2006.10.15"]
[EventType "team"]
[EventRounds "11"]
[EventCountry "FRA"]
[SourceTitle "EXT 2008"]
[Source "ChessBase"]
[SourceDate "2007.11.25"]
[SourceVersion "1"]
[SourceVersionDate "2007.11.25"]
[SourceQuality "1"]
[WhiteTeam "Bordeaux ASPOM"]
[BlackTeam "Tours"]
[WhiteTeamCountry "FRA"]
[BlackTeamCountry "FRA"]

1. e4 Nf6 2. Nc3 e5 3. Nf3 Bb4 4. Bc4 0-0 5. d3 c6 6. Bg5 d5 7. Bxf6 gxf6 8. exd5 cxd5 9. Bb5 a6 10. Ba4 b5 11. Bb3 d4 12. 0-0 dxc3 13. Nh4 Nc6 14. Qf3 Bb7 15. Bd5 Qd7 16. bxc3 Bxc3 17. Qxf6 e4 18. Qg5+ Kh8 19. Bxe4 Ne7 20. Rad1 Rad8 21. Bxb7 Qxb7 22. d4 f6 23. Qe3 Nd5 24. Qf3 Qg7 25. Rd3 b4 26. g3 f5 27. Rfd1 Qg4 28. Qg2 Rfe8 29. Nf3 Nf6 30. Ne5 Qh5 31. Qb7 Ng4 32. Nxg4 fxg4 33. Qxa6 Qf5 34. Rf1 Re4 35. d5 Rde8 36. d6 Re1 37. Rd1 Qd7 38. Qd3 R1e2 39. a3 R2e4 40. axb4 Bxb4 41. c3 Bc5 42. Qd5 R8e5 43. Qa8+ Re8 44. Qd5 R4e5 45. Qc4 h5 46. Rd5 Bxd6 47. Qd4 R8e6 48. Rd1 Qe7 49. Rxd6 Rxd6 50. Qxd6 Re1+ 51. Rxe1 Qxd6 52. Re3 Kg7 53. Re1 Kf6 54. Re3 Qd1+ 55. Kg2 Kf5 56. c4 Qc1 57. Rb3 Qxc4 58. Re3 Qc6+ 59. Kg1 Qc1+ 60. Kg2 Qd1 61. Re7 Kf6 62. Re3 Qd2 63. Kg1 Qc1+ 64. Kg2 Qd1 65. Re8 Qd5+ 66. Kg1 Kf5 67. Re1 Kg5 68. Re3 h4 69. gxh4+ Kxh4 70. Rg3 Qd1+ 71. Kg2 Qc1 72. Re3 Kg5 73. Rg3 Kf5 74. Re3 1/2-1/2

[Event "Avoine op 21th"]
[Site "Avoine"]
[Date "2006.07.27"]
[Round "6"]
[White "Reau, Raphael"]
[Black "Dube, Dimitri"]
[Result "0-1"]
[WhiteElo "1730"]
[BlackElo "2078"]
[PlyCount "48"]
[EventDate "2006.07.22"]
[EventType "swiss"]
[EventRounds "9"]
[EventCountry "FRA"]
[SourceTitle "EXT 2007"]
[Source "ChessBase"]
[SourceDate "2006.11.23"]
[SourceVersion "1"]
[SourceVersionDate "2006.11.23"]
[SourceQuality "1"]

1. b3 e5 2. Bb2 Nc6 3. e3 d5 4. Bb5 Bd6 5. f4 f6 6. fxe5 fxe5 7. Bxc6+ bxc6 8. Bxe5 Qh4+ 9. g3 Qe4 10. Bxg7 Bg4 11. d3 Qg6 12. Qd2 Qxg7 13. Qc3 Qxc3+ 14. Nxc3 Bb4 15. Kd2 c5 16. a3 Ba5 17. b4 cxb4 18. axb4 Bxb4 19. Ra4 c5 20. Kc1 Bd7 21. Rxb4 cxb4 22. Nxd5 Bc6 23. e4 Bxd5 24. exd5 Nf6 0-1

[Event "Avoine op 20th"]
[Site "Avoine"]
[Date "2005.07.27"]
[Round "5"]
[White "Aoustin, Arnaud"]
[Black "Dube, Dimitri"]
[Result "1-0"]
[WhiteElo "1983"]
[BlackElo "2136"]
[PlyCount "56"]
[EventDate "2005.07.23"]
[EventType "swiss"]
[EventRounds "9"]
[EventCountry "FRA"]
[SourceTitle "EXT 2007"]
[Source "ChessBase"]
[SourceDate "2006.11.23"]
[SourceVersion "1"]
[SourceVersionDate "2006.11.23"]
[SourceQuality "1"]

1. e4 Nc6 2. Nf3 d6 3. d4 Bg4 4. Be3 Nf6 5. Nc3 e6 6. h3 Bh5 7. d5 Ne7 8. Be2 c6 9. Bg5 h6 10. Bxf6 gxf6 11. dxe6 fxe6 12. Nd4 Bf7 13. Bh5 Qd7 14. Bxf7+ Kxf7 15. Qh5+ Ng6 16. f4 c5 17. Nxe6 Qxe6 18. f5 Qe5 19. Qxg6+ Ke7 20. 0-0-0 Kd7 21. Rd5 Qf4+ 22. Kb1 Be7 23. Qf7 Rae8 24. Rhd1 Kc6 25. R5d3 Qe5 26. Qb3 b6 27. Qb5+ Kb7 28. Qd7+ Kb8 1-0

[Event "Avoine op 20th"]
[Site "Avoine"]
[Date "2005.07.25"]
[Round "3"]
[White "Mottais, Francois"]
[Black "Dube, Dimitri"]
[Result "1-0"]
[WhiteElo "2008"]
[BlackElo "2136"]
[PlyCount "47"]
[EventDate "2005.07.23"]
[EventType "swiss"]
[EventRounds "9"]
[EventCountry "FRA"]
[SourceTitle "EXT 2007"]
[Source "ChessBase"]
[SourceDate "2006.11.23"]
[SourceVersion "1"]
[SourceVersionDate "2006.11.23"]
[SourceQuality "1"]

1. d4 Nf6 2. c4 c5 3. d5 b5 4. Nc3 a6 5. a4 b4 6. Nb1 e6 7. g3 Bb7 8. Bg2 exd5 9. cxd5 d6 10. a5 Nbd7 11. e4 g6 12. Ne2 Bg7 13. 0-0 0-0 14. Nd2 Ne5 15. Qc2 c4 16. f4 Nfg4 17. fxe5 Ne3 18. Qa4 f5 19. exf6 Rxf6 20. Rxf6 Qxf6 21. Nf3 Bh6 22. Qxb4 Bc8 23. Qc3 Qxc3 24. bxc3 1-0

[Event "Avoine op 20th"]
[Site "Avoine"]
[Date "2005.07.24"]
[Round "2"]
[White "Dube, Dimitri"]
[Black "Bijaoui, Manuel"]
[Result "0-1"]
[WhiteElo "2136"]
[BlackElo "2338"]
[PlyCount "73"]
[EventDate "2005.07.23"]
[EventType "swiss"]
[EventRounds "9"]
[EventCountry "FRA"]
[SourceTitle "EXT 2007"]
[Source "ChessBase"]
[SourceDate "2006.11.23"]
[SourceVersion "1"]
[SourceVersionDate "2006.11.23"]
[SourceQuality "1"]

1. c3 Nf6 2. d3 d5 3. Nf3 c5 4. Bg5 Nc6 5. Nbd2 Bg4 6. h3 Bxf3 7. Nxf3 e6 8. e3 Be7 9. Be2 0-0 10. 0-0 d4 11. exd4 cxd4 12. c4 Nd7 13. Qd2 a5 14. Rab1 Nc5 15. b3 e5 16. Bxe7 Qxe7 17. Ne1 e4 18. Nc2 f5 19. a3 f4 20. b4 axb4 21. axb4 e3 22. Qe1 Ra2 23. bxc5 Rxc2 24. fxe3 Qxe3+ 25. Rf2 Re8 26. Kf1 Ne5 27. Rd1 g5 28. Qb4 g4 29. Qa4 Nxd3 30. Rxd3 Rc1+ 31. Rd1 g3 32. Qxe8+ Qxe8 33. Rxf4 d3 34. Bh5 Qxh5 35. Rxc1 Qe2+ 36. Kg1 Qe3+ 37. Kf1 0-1